000 00404nam a2200145Ia 4500
008 100415s9999 xx 000 0 und d
082 _b8091
_a575
100 _aHuxley Julian
245 _aEvolution : The Modern Synthesis
260 _aLONDON
_c1942
_bGEORGE ALLEN & URWIN
365 _b0
630 _aEvolution : The Modern Synthesis
730 _aEvolution : The Modern Synthesis
942 _cBOOK
999 _c591042
_d591039